[Event "Landesklasse Ost 2024/25"]
[Site "?"]
[Date "2025.03.02"]
[Round "6.7"]
[White "Pods, Werner"]
[Black "Grüner, Nico"]
[Result "1-0"]
[WhiteElo "1448"]
[BlackElo "1565"]
[PlyCount "65"]
[EventDate "2024.09.15"]
[EventType "team-tourn"]
[EventRounds "9"]
[WhiteTeam "MTV 1876 Saalfeld"]
[BlackTeam "SC Turm Erfurt"]

{[%evp 0,65,22,-12,-19,-52,14,11,16,19,7,-16,-9,-26,49,49,42,-49,-29,-47,3,-28,-83,-152,-115,-119,-49,-125,-124,-120,-117,-104,-111,-147,-112,-129,-132,-111,-124,-165,-128,-163,-165,-481,-380,-359,-381,-381,-357,-379,-354,-338,-310,-501,-529,-529,240,229,332,326,454,472,479,481,732,484,673,660]} 1. c4 Nf6 2. g3 g6 3. Bg2 Bg7 4. Nc3 O-O 5. e3 c6 6. Nge2 e6 7. d4 d5 8. c5 Nbd7 9. O-O e5 10. dxe5 Nxe5 11. Qb3 Qa5 12. Bd2 Nc4 13. Rfd1 Nxd2 14. Rxd2 Qxc5 15. Rc1 Qe7 16. Na4 Bh6 17. Rd4 Ng4 18. Nf4 Bg7 19. Rd2 Ne5 20. Nc5 Nc4 21. Re2 Qxc5 22. e4 Bg4 23. Rec2 Qd4 24. exd5 cxd5 25. Nxd5 Nb6 26. Rc4 Nxc4 27. Rxc4 Qxd5 28. Bxd5 Bh3 29. g4 Rae8 30. Qxh3 Re1+ 31. Kg2 Rd8 32. Qf3 Rf8 33. Rc7 1-0

[Event "Landesklasse Ost 2024/25"]
[Site "?"]
[Date "2025.03.02"]
[Round "6.8"]
[White "Müller, Winfried"]
[Black "Samarskyi, Oleksii (Aljosha)"]
[Result "1-0"]
[WhiteElo "1595"]
[BlackElo "1326"]
[PlyCount "75"]
[EventDate "2024.09.15"]
[EventType "team-tourn"]
[EventRounds "9"]
[WhiteTeam "SC Turm Erfurt"]
[BlackTeam "MTV 1876 Saalfeld"]

{[%evp 0,75,22,22,42,42,63,59,102,98,84,79,106,97,106,95,79,63,63,44,45,40,90,45,88,87,84,68,94,59,47,18,31,25,25,6,3,-3,7,-28,-11,-10,-5,-13,8,74,337,398,418,187,202,275,270,291,291,243,282,295,363,209,211,216,515,386,386,374,389,389,683,525,1074,1296,1679,1915,29993,29994,29999,-30000]} 1. e4 d5 2. exd5 Qxd5 3. Nc3 Qd8 4. d4 Nf6 5. Nf3 Bg4 6. h3 Bh5 7. g4 Bg6 8. Ne5 e6 9. Bc4 Bb4 10. Bg5 Be4 11. f3 Bc6 12. Qd3 O-O 13. O-O-O Be7 14. h4 Nfd7 15. Bxe7 Qxe7 16. Nxc6 Nxc6 17. Rhe1 Qxh4 18. Kb1 h6 19. Rh1 Qf6 20. Ne4 Qg6 21. Qe3 Kh8 22. g5 h5 23. Bd3 Nb4 24. Ng3 Nxd3 25. Rxh5+ Kg8 26. Rdh1 f5 27. Qxd3 Kf7 28. Qb5 Nb6 29. Qe5 Rac8 30. Ne2 Ke7 31. Nf4 Qf7 32. Rh7 Rg8 33. Re1 Nc4 34. Qe2 e5 35. g6 Na3+ 36. bxa3 Qe8 37. Qxe5+ Kd7 38. Qd5# 1-0

[Event "Landesklasse Ost 2024/25"]
[Site "?"]
[Date "2025.03.02"]
[Round "6.1"]
[White "Schulz, Phillip"]
[Black "Buring, Matthias"]
[Result "1/2-1/2"]
[WhiteElo "1974"]
[BlackElo "2000"]
[PlyCount "138"]
[EventDate "2024.09.15"]
[EventType "team-tourn"]
[EventRounds "9"]
[WhiteTeam "TV 1887 Germania Hermsdorf"]
[BlackTeam "SG Arnstadt-Stadtilm"]

{[%evp 0,138,22,42,29,-14,29,12,26,24,33,30,55,42,43,22,9,14,20,-5,30,23,12,16,-14,-2,-23,-47,-94,-94,-81,-81,-83,-89,-89,-86,-87,-110,-163,-166,-182,-174,-80,-80,-68,-79,-77,-81,-85,-85,-86,-91,-83,-88,-84,-78,-88,-85,-85,-79,-79,-79,-79,-79,-82,-78,-76,-76,-76,-76,-69,-69,-68,-68,-62,-68,-68,-68,-16,-30,-18,-70,-75,-87,-75,-68,-73,-92,-92,-84,-100,-161,-162,-162,-180,-182,-182,-182,-182,-204,-199,-223,-223,-229,-234,-234,-260,-270,-295,-377,-367,-385,-325,-385,-216,-240,-277,-283,-284,-266,-270,-266,-252,-239,-197,-113,-108,-108,-108,-100,-48,-59,-20,-96,-57,-24,-24,-1,0,0,0]} 1. d4 d5 2. c4 c6 3. cxd5 cxd5 4. Nc3 Nf6 5. Bf4 a6 6. e3 Qb6 7. Qc2 Nc6 8. Rc1 g6 9. a3 Bf5 10. Qd2 Bg7 11. Nf3 O-O 12. Na4 Qd8 13. Nc5 Ne4 14. Nxe4 dxe4 15. Ne5 Nxe5 16. dxe5 Qxd2+ 17. Kxd2 Rfd8+ 18. Kc2 Rac8+ 19. Kb1 Rxc1+ 20. Kxc1 Rd5 21. b4 b5 22. Be2 Bxe5 23. Bxe5 Rxe5 24. Rd1 h5 25. Rd4 Bg4 26. Kd2 Bxe2 27. Kxe2 f5 28. h4 Kf7 29. g3 Ke6 30. Rd8 Rd5 31. Rg8 Kf7 32. Ra8 Rd6 33. Ra7 Kf6 34. Ra8 e5 35. Rf8+ Ke6 36. Ra8 Kd5 37. Kd2 Ke6+ 38. Ke2 f4 39. exf4 exf4 40. gxf4 Kf5 41. Rf8+ Kg4 42. Ke3 Kxh4 43. Kxe4 Kg4 44. f3+ Kg3 45. Rg8 Re6+ 46. Kd5 Rf6 47. Ke5 Rf5+ 48. Ke6 Kxf3 49. Rxg6 Kxf4 50. Rh6 Kg4 51. Rh8 Rf3 52. Rg8+ Kh3 53. Kd6 Rxa3 54. Kc5 h4 55. Rg6 Rc3+ 56. Kb6 Rc4 57. Ka5 Rg4 58. Rxa6 Rg5 59. Rd6 Rf5 60. Rg6 Kh2 61. Rg8 h3 62. Rg7 Kh1 63. Rg8 Kh2 64. Rg7 Rf3 65. Kxb5 Rg3 66. Ra7 Rg1 67. Kb6 Rb1 68. b5 Kg3 69. Rg7+ Kf2 1/2-1/2

[Event "Landesklasse Ost 2024/25"]
[Site "?"]
[Date "2025.03.02"]
[Round "6.2"]
[White "Sauer, Marko"]
[Black "Wentzel, Florian"]
[Result "0-1"]
[WhiteElo "2032"]
[BlackElo "2032"]
[PlyCount "86"]
[EventDate "2024.09.15"]
[EventType "team-tourn"]
[EventRounds "9"]
[WhiteTeam "SG Arnstadt-Stadtilm"]
[BlackTeam "TV 1887 Germania Hermsdorf"]

{[%evp 0,86,23,29,29,35,24,-18,-11,4,24,23,23,26,27,22,50,66,67,65,60,67,79,56,69,33,28,43,38,28,24,7,58,35,55,6,0,5,-5,-30,-26,-36,-21,-52,-72,-72,-70,-75,-60,-84,-84,-100,-98,-115,-92,-125,-146,-129,-129,-139,-172,-164,-170,-172,-153,-178,-188,-174,-187,-182,-181,-259,-269,-262,-268,-521,-524,-531,-548,-582,-585,-1224,-1299,-1335,-1415,-1496,-1555,-1557,-1611]} 1. d4 Nf6 2. Nf3 d5 3. c4 e6 4. Nc3 Be7 5. Bf4 O-O 6. e3 a6 7. Rc1 Nbd7 8. cxd5 exd5 9. Bd3 c6 10. h3 Re8 11. O-O Nf8 12. Ne5 Ng6 13. Bg3 Nxe5 14. dxe5 Nd7 15. Kh1 Nf8 16. Ne2 Ng6 17. Nd4 Bh4 18. Bxg6 hxg6 19. Qf3 Bd7 20. Bxh4 Qxh4 21. Qf4 Qxf4 22. exf4 g5 23. fxg5 Rxe5 24. f4 Re4 25. Nb3 b6 26. Rf2 Rae8 27. Kh2 c5 28. Nd2 Re2 29. Kg3 Bb5 30. Rd1 d4 31. b3 R8e3+ 32. Nf3 Rxf2 33. Kxf2 Re2+ 34. Kg3 Rxa2 35. f5 Rb2 36. Kf4 Rxb3 37. g4 Be2 38. Nxd4 Bxd1 39. Nxb3 Bxb3 40. Ke5 a5 41. h4 a4 42. h5 a3 43. h6 a2 0-1

[Event "Landesklasse Ost 2024/25"]
[Site "?"]
[Date "2025.03.02"]
[Round "6.5"]
[White "Moje, Hans-Jürgen"]
[Black "Grkinic, Goran"]
[Result "1/2-1/2"]
[WhiteElo "1798"]
[BlackElo "1889"]
[PlyCount "37"]
[EventDate "2024.09.15"]
[EventType "team-tourn"]
[EventRounds "9"]
[WhiteTeam "TV 1887 Germania Hermsdorf"]
[BlackTeam "SG Arnstadt-Stadtilm"]

1. e4 c5 2. d4 cxd4 3. c3 d5 4. exd5 Qxd5 5. Nf3 Nc6 6. cxd4 e5 7. Nc3 Bb4 8. Bd2 Bxc3 9. Bxc3 e4 10. Ne5 Nxe5 11. dxe5 Qxd1+ 12. Rxd1 a6 13. Bc4 Ne7 14. O-O b5 15. Bb3 a5 16. Bd4 Bb7 17. Bc5 a4 18. Bxf7+ Kxf7 19. Rd7 1/2-1/2

[Event "Landesklasse Ost 2024/25"]
[Site "?"]
[Date "2025.03.02"]
[Round "6.6"]
[White "Degel, Steven"]
[Black "Hadlich, Gerald"]
[Result "0-1"]
[WhiteElo "1590"]
[BlackElo "1766"]
[PlyCount "68"]
[EventDate "2024.09.15"]
[EventType "team-tourn"]
[EventRounds "9"]
[WhiteTeam "SG Arnstadt-Stadtilm"]
[BlackTeam "TV 1887 Germania Hermsdorf"]

1. c4 f5 2. e3 Nf6 3. Nc3 d6 4. d4 g6 5. Nf3 Bg7 6. g3 O-O 7. Bg2 c6 8. O-O Qc7 9. Qe2 e5 10. dxe5 dxe5 11. Rd1 Na6 12. a3 e4 13. Nd4 Nc5 14. b4 Ne6 15. Bb2 Qf7 16. Rac1 Nxd4 17. exd4 Be6 18. Nb1 f4 19. gxf4 Nh5 20. Rf1 Nxf4 21. Qxe4 Bxc4 22. Rxc4 Qxc4 23. Nd2 Qf7 24. Bf3 Nh3+ 25. Kg2 Ng5 26. Qg4 Nxf3 27. Nxf3 Qf5 28. Qg3 Qd5 29. Rd1 Rf5 30. Bc1 Raf8 31. Kg1 Rxf3 32. Qg2 Rxf2 33. Qxd5+ cxd5 34. a4 Re2 0-1

[Event "Landesklasse Ost 2024/25"]
[Site "?"]
[Date "2025.03.02"]
[Round "6.7"]
[White "Pietsch, Karsten"]
[Black "Marufke, Kai"]
[Result "1/2-1/2"]
[WhiteElo "1718"]
[BlackElo "1683"]
[PlyCount "42"]
[EventDate "2024.09.15"]
[EventType "team-tourn"]
[EventRounds "9"]
[WhiteTeam "TV 1887 Germania Hermsdorf"]
[BlackTeam "SG Arnstadt-Stadtilm"]

1. d4 f5 2. Nf3 Nf6 3. g3 e6 4. Bg2 Be7 5. O-O O-O 6. b3 c6 7. c4 d5 8. Bb2 Bd6 9. Nbd2 Nbd7 10. Ne5 Ne4 11. e3 Qf6 12. Ndf3 Ng5 13. Nd3 Nxf3+ 14. Bxf3 g5 15. Bg2 Qg7 16. Rc1 Nf6 17. f3 Bd7 18. Qe2 g4 19. Ne5 gxf3 20. Bxf3 Qg5 21. Rf2 Kh8 1/2-1/2

[Event "Landesklasse Ost 2024/25"]
[Site "?"]
[Date "2025.03.02"]
[Round "6.8"]
[White "Jank, Kevin"]
[Black "Kretschmann, Ralph"]
[Result "1/2-1/2"]
[WhiteElo "1780"]
[BlackElo "1233"]
[PlyCount "83"]
[EventDate "2024.09.15"]
[EventType "team-tourn"]
[EventRounds "9"]
[WhiteTeam "SG Arnstadt-Stadtilm"]
[BlackTeam "TV 1887 Germania Hermsdorf"]

1. e4 c6 2. d4 d5 3. exd5 cxd5 4. Bd3 Nf6 5. h3 e6 6. Nf3 Be7 7. c3 O-O 8. Bf4 Bd7 9. Nbd2 Nc6 10. Rc1 Rc8 11. Bb1 Qb6 12. Nb3 Na5 13. Nxa5 Qxa5 14. O-O Bb5 15. Re1 Bc4 16. a3 Qb6 17. b4 a5 18. Ne5 axb4 19. Nxc4 Rxc4 20. axb4 Rfc8 21. Bd2 Bd6 22. Bd3 R4c7 23. Ra1 Re7 24. Ra5 Qc7 25. Qa4 Nd7 26. Ra1 Nb6 27. Qb5 g6 28. Ra7 Qc6 29. Qxc6 Rxc6 30. Bb5 Rc8 31. f4 f6 32. Kf2 e5 33. fxe5 fxe5 34. dxe5 Bxe5 35. R1a3 Rf8+ 36. Kg1 Bg3 37. Ra1 Bf2+ 38. Kh1 Nc4 39. Bxc4 dxc4 40. Ra8 Rxa8 41. Rxa8+ Kf7 42. Rc8 1/2-1/2

[Event "Landesklasse Ost 2024/25"]
[Site "?"]
[Date "2025.03.02"]
[Round "6.1"]
[White "Taudte, Stefan"]
[Black "Günther, Arthur"]
[Result "1/2-1/2"]
[WhiteElo "1925"]
[BlackElo "1859"]
[PlyCount "66"]
[EventDate "2024.09.15"]
[EventType "team-tourn"]
[EventRounds "9"]
[WhiteTeam "SV Empor Erfurt 2"]
[BlackTeam "SSV Vimaria 91 Weimar 2"]

1. d4 d5 2. c4 e6 3. Nc3 f5 4. f3 Bd6 5. g3 b6 6. e4 fxe4 7. fxe4 dxe4 8. Nxe4 Bb4+ 9. Nc3 Bb7 10. Nf3 Nf6 11. Bg2 Ne4 12. Bd2 Nxd2 13. Qxd2 O-O 14. O-O c5 15. a3 Bxc3 16. bxc3 Nd7 17. Ng5 Bxg2 18. Kxg2 Rxf1 19. Rxf1 e5 20. Qe3 h6 21. Ne6 Qe7 22. d5 Qd6 23. Qf3 Nf6 24. Qf5 Re8 25. Qg6 Rxe6 26. dxe6 Qxe6 27. Qd3 e4 28. Qe2 Qe5 29. Qe3 Qe6 30. Qe2 Qc6 31. Qe3 Qa4 32. Rxf6 gxf6 33. Qxe4 Qd7 1/2-1/2

[Event "Landesklasse Ost 2024/25"]
[Site "?"]
[Date "2025.03.02"]
[Round "6.2"]
[White "Gräf, Michael"]
[Black "Bethge, Johanna"]
[Result "1/2-1/2"]
[WhiteElo "1843"]
[BlackElo "1791"]
[PlyCount "34"]
[EventDate "2024.09.15"]
[EventType "team-tourn"]
[EventRounds "9"]
[WhiteTeam "SSV Vimaria 91 Weimar 2"]
[BlackTeam "SV Empor Erfurt 2"]

1. d4 d5 2. Nf3 Nf6 3. e3 c5 4. c3 Nc6 5. Bd3 Bg4 6. Nbd2 cxd4 7. exd4 e6 8. Qa4 Qa5 9. Qxa5 Nxa5 10. Ne5 a6 11. b4 Nc6 12. Nxc6 bxc6 13. Nb3 Bd6 14. f3 Bh5 15. Na5 Kd7 16. Nb7 Bg6 17. Bxg6 hxg6 1/2-1/2

[Event "Landesklasse Ost 2024/25"]
[Site "?"]
[Date "2025.03.02"]
[Round "6.3"]
[White "Finke, Daniel"]
[Black "Krömer, Emanuel"]
[Result "1/2-1/2"]
[WhiteElo "1710"]
[BlackElo "1721"]
[PlyCount "80"]
[EventDate "2024.09.15"]
[EventType "team-tourn"]
[EventRounds "9"]
[WhiteTeam "SV Empor Erfurt 2"]
[BlackTeam "SSV Vimaria 91 Weimar 2"]

1. e4 d5 2. exd5 Qxd5 3. Nf3 Bg4 4. Be2 Nc6 5. O-O O-O-O 6. h3 Bh5 7. Nc3 Qa5 8. d3 e6 9. Bd2 Nf6 10. a3 Nd4 11. Nxd4 Rxd4 12. Bxh5 Qxh5 13. Qxh5 Nxh5 14. Be3 Rd7 15. b4 Bd6 16. Nb5 a6 17. Nxd6+ cxd6 18. Bb6 Nf4 19. Be3 g5 20. Rfe1 Rg8 21. Kh2 e5 22. Bxf4 gxf4 23. c4 f5 24. a4 Rdg7 25. Rg1 Kc7 26. a5 Kc6 27. Rab1 b5 28. Rbc1 f3 29. g3 h5 30. Rce1 bxc4 31. dxc4 Rb7 32. Rb1 Rgb8 33. b5+ axb5 34. a6 Ra7 35. cxb5+ Rxb5 36. Ra1 d5 37. g4 fxg4 38. hxg4 hxg4 39. Rxg4 Rb2 40. Kg3 Rb3 1/2-1/2

[Event "Landesklasse Ost 2024/25"]
[Site "?"]
[Date "2025.03.02"]
[Round "6.5"]
[White "Reuter, Luca Marek"]
[Black "Han, Erdem"]
[Result "1/2-1/2"]
[WhiteElo "1732"]
[BlackElo "1765"]
[PlyCount "193"]
[EventDate "2024.09.15"]
[EventType "team-tourn"]
[EventRounds "9"]
[WhiteTeam "SV Empor Erfurt 2"]
[BlackTeam "SSV Vimaria 91 Weimar 2"]

1. e4 c5 2. a3 e6 3. b4 cxb4 4. axb4 Bxb4 5. c3 Ba5 6. d4 d5 7. Qa4+ Nc6 8. exd5 Qxd5 9. Be2 Bd7 10. Bf3 Qf5 11. Ne2 Bc7 12. Nd2 Ne5 13. Qb3 Nxf3+ 14. Nxf3 Bc6 15. c4 Ba5+ 16. Kf1 Bc7 17. d5 exd5 18. Ned4 dxc4 19. Qe3+ Qe4 20. Nxc6 Qxe3 21. Bxe3 bxc6 22. Rxa7 Rxa7 23. Bxa7 Nf6 24. Ke2 O-O 25. Nd4 Re8+ 26. Kf3 Re4 27. Rc1 g5 28. h3 h5 29. g3 g4+ 30. hxg4 hxg4+ 31. Kg2 Be5 32. Nxc6 Bb2 33. Rc2 c3 34. f3 Ra4 35. Bf2 Nd5 36. fxg4 Rc4 37. Ne5 Nb4 38. Nxc4 Nxc2 39. Kf3 Na3 40. Nd6 c2 41. Be3 c1=Q 42. Bxc1 Bxc1 43. Ke4 Bb2 44. Kf5 Kg7 45. g5 Nc2 46. Nxf7 Kxf7 47. g6+ Kg7 48. g4 Nd4+ 49. Ke4 Kxg6 50. g5 Kxg5 51. Ke5 Ne2+ 52. Ke4 Nf4 53. Ke3 Kf5 54. Kd2 Ke4 55. Kc2 Nd3 56. Kb3 Kd4 57. Ka4 Kc4 58. Ka5 Kc5 59. Ka6 Kc6 60. Ka7 Be5 61. Ka8 Nb4 62. Ka7 Nd5 63. Ka8 Nb6+ 64. Ka7 Nd5 65. Ka8 Bd4 66. Kb8 Nc7 67. Kc8 Ba7 68. Kd8 Nd5 69. Ke8 Kd6 70. Kf7 Bd4 71. Kg6 Ke5 72. Kg5 Nf4 73. Kg4 Ke4 74. Kg3 Be3 75. Kh2 Kf3 76. Kh1 Ne2 77. Kh2 Ng3 78. Kh3 Nf1 79. Kh4 Kf4 80. Kh5 Kf5 81. Kh4 Kf4 82. Kh5 Ng3+ 83. Kg6 Ke5 84. Kf7 Kd6 85. Kf6 Bf4 86. Kf7 Ne4 87. Ke8 Ke6 88. Kd8 Nc5 89. Kc8 Bg3 90. Kd8 Kd6 91. Ke8 Bh4 92. Kf7 Ke5 93. Ke8 Ke6 94. Kf8 Nd7+ 95. Kg7 Ne5 96. Kf8 Bf6 97. Ke8 1/2-1/2

[Event "Landesklasse Ost 2024/25"]
[Site "?"]
[Date "2025.03.02"]
[Round "6.6"]
[White "Bock, Leonas"]
[Black "Schulz, Theresa Charlotte"]
[Result "0-1"]
[WhiteElo "1607"]
[BlackElo "1771"]
[PlyCount "76"]
[EventDate "2024.09.15"]
[EventType "team-tourn"]
[EventRounds "9"]
[WhiteTeam "SSV Vimaria 91 Weimar 2"]
[BlackTeam "SV Empor Erfurt 2"]

1. d4 d5 2. Nf3 e6 3. e3 Bd6 4. Bd3 f5 5. O-O Nf6 6. b3 O-O 7. Bb2 Ne4 8. Nbd2 Bd7 9. Ne5 Be8 10. c4 c6 11. Nxe4 fxe4 12. Be2 Nd7 13. f4 exf3 14. Rxf3 Rxf3 15. Nxf3 Bh5 16. Qc2 Bg6 17. Bd3 Bxd3 18. Qxd3 Nf6 19. Ng5 Bxh2+ 20. Kh1 Ne4 21. Nxe4 Qh4 22. Ng5 Bg3+ 23. Nh3 g5 24. Kg1 g4 25. Nf4 Rf8 26. Bc3 Qh2+ 27. Kf1 Bxf4 28. exf4 Rxf4+ 29. Ke2 Qxg2+ 30. Kd1 Qg1+ 31. Kc2 Rf2+ 32. Bd2 Qxa1 33. Qe3 Qxa2+ 34. Kc3 Qxd2+ 35. Qxd2 Rxd2 36. Kxd2 h5 37. Ke3 Kf7 38. Kf4 dxc4 0-1

[Event "Landesklasse Ost 2024/25"]
[Site "?"]
[Date "2025.03.02"]
[Round "6.7"]
[White "Bergmann, Harald"]
[Black "Berbig, Georg"]
[Result "0-1"]
[WhiteElo "1585"]
[BlackElo "1626"]
[PlyCount "74"]
[EventDate "2024.09.15"]
[EventType "team-tourn"]
[EventRounds "9"]
[WhiteTeam "SV Empor Erfurt 2"]
[BlackTeam "SSV Vimaria 91 Weimar 2"]

1. e4 e5 2. Nf3 Nc6 3. Bb5 a6 4. Bxc6 dxc6 5. d4 exd4 6. Qxd4 Qxd4 7. Nxd4 c5 8. Ne2 Bd7 9. Nbc3 O-O-O 10. Bg5 f6 11. Bf4 Bc6 12. O-O Bd6 13. Rfd1 Ne7 14. Bxd6 cxd6 15. Nf4 Ng6 16. Nxg6 hxg6 17. Nd5 Bxd5 18. Rxd5 Rhe8 19. f3 Re5 20. Rad1 Kc7 21. Kf2 Rxd5 22. Rxd5 Kc6 23. Rd3 d5 24. exd5+ Rxd5 25. Ke2 Rxd3 26. Kxd3 Kd5 27. c4+ Ke5 28. Ke3 g5 29. g3 b5 30. cxb5 axb5 31. b3 f5 32. a4 c4 33. bxc4 bxa4 34. Kd3 a3 35. Kc3 a2 36. Kb2 Kd4 37. f4 gxf4 0-1

[Event "Landesklasse Ost 2024/25"]
[Site "?"]
[Date "2025.03.02"]
[Round "6.8"]
[White "Bemmann, Carlo"]
[Black "Thiemann, Jürgen"]
[Result "1/2-1/2"]
[WhiteElo "1564"]
[BlackElo "1638"]
[PlyCount "70"]
[EventDate "2024.09.15"]
[EventType "team-tourn"]
[EventRounds "9"]
[WhiteTeam "SSV Vimaria 91 Weimar 2"]
[BlackTeam "SV Empor Erfurt 2"]

1. d4 d5 2. Nf3 Nf6 3. e3 Bg4 4. Be2 Bxf3 5. Bxf3 c6 6. O-O Nbd7 7. c4 Nb6 8. cxd5 cxd5 9. Nc3 e6 10. b3 g6 11. Bb2 Bg7 12. Rc1 O-O 13. Ba3 Re8 14. Nb5 Bf8 15. Bxf8 Rxf8 16. Qd3 a6 17. Nc3 Rc8 18. Rc2 Re8 19. Rfc1 Re7 20. Ne2 Rcc7 21. Rxc7 Rxc7 22. Rxc7 Qxc7 23. Qc3 Qxc3 24. Nxc3 Kf8 25. Kf1 Ke7 26. Ke2 Nbd7 27. a4 a5 28. h3 b6 29. g4 Ne8 30. Bg2 h6 31. f3 Nd6 32. e4 dxe4 33. fxe4 f6 34. Kd3 e5 35. Nd5+ Ke6 1/2-1/2

[Event "Landesklasse West 2024/25"]
[Site "?"]
[Date "2025.03.02"]
[Round "6.1"]
[White "Gandera, Moritz"]
[Black "Kurze, Christoph"]
[Result "0-1"]
[WhiteElo "1805"]
[BlackElo "1954"]
[PlyCount "50"]
[EventDate "2024.09.15"]
[EventType "team-tourn"]
[EventRounds "9"]
[WhiteTeam "SC Rochade Steinbach-Hallenberg"]
[BlackTeam "SV Ammern"]

{[%evp 0,50,23,19,51,40,36,35,19,18,18,18,21,5,33,42,66,63,57,37,23,27,73,22,22,40,41,34,34,17,32,-11,-11,-30,-26,-31,-29,-48,-39,-36,-26,-62,-67,-54,-53,-51,-54,-362,-386,-377,-381,-412,-324]} 1. e4 e6 2. d4 d5 3. Nc3 Bb4 4. exd5 exd5 5. Bd3 Nc6 6. a3 Ba5 7. Nge2 Bg4 8. h3 Bh5 9. Be3 Bxc3+ 10. bxc3 Na5 11. Qc1 Bxe2 12. Bxe2 Nf6 13. O-O O-O 14. Bg5 Qd6 15. Bxf6 Qxf6 16. Qb2 b6 17. Rfe1 c6 18. a4 Rad8 19. Rad1 Rfe8 20. Bf3 Re7 21. Qc1 Rde8 22. Kf1 Nc4 23. Be2 Ne3+ 24. Kg1 Nxd1 25. Qxd1 Qf4 0-1

[Event "Landesklasse West 2024/25"]
[Site "?"]
[Date "2025.03.02"]
[Round "6.2"]
[White "Dawydow, Alexej"]
[Black "Wilhelm, Bernd"]
[Result "1-0"]
[WhiteElo "1954"]
[BlackElo "1893"]
[PlyCount "109"]
[EventDate "2024.09.15"]
[EventType "team-tourn"]
[EventRounds "9"]
[WhiteTeam "SV Ammern"]
[BlackTeam "SC Rochade Steinbach-Hallenberg"]

{[%evp 0,109,23,21,33,44,42,36,48,40,37,32,20,37,36,19,17,23,19,15,18,6,19,-4,5,-5,-25,-36,1,-10,-12,-3,4,3,3,-9,6,-13,-11,-5,-4,4,4,8,27,17,24,18,32,35,58,14,42,-28,-29,-34,-19,-16,72,-35,-6,21,5,-5,51,38,157,28,93,24,20,36,56,54,37,49,123,91,91,67,101,107,202,216,205,183,250,250,330,374,209,209,212,215,201,218,239,185,319,166,180,180,749,222,351,238,451,426,448,450,1617,1956]} 1. e4 d5 2. exd5 Nf6 3. Nc3 Nxd5 4. Nf3 Bf5 5. Bc4 Nb6 6. Bb3 e6 7. d4 Be7 8. Bf4 c6 9. Qd2 N8d7 10. h3 Nf6 11. O-O-O Nfd5 12. Nxd5 cxd5 13. Ne5 h6 14. g4 Bh7 15. c3 a5 16. Bc2 Bxc2 17. Kxc2 a4 18. Kb1 a3 19. b3 Rc8 20. Rc1 Nd7 21. Nd3 Nf6 22. f3 Qa5 23. Rc2 b5 24. b4 Qa7 25. h4 Nd7 26. h5 Nb6 27. Nc5 Nc4 28. Qd3 Bd6 29. Bc1 Qc7 30. Re2 Bxc5 31. dxc5 Kd7 32. Qd4 f6 33. f4 Rhe8 34. Rhe1 Qc6 35. g5 hxg5 36. fxg5 e5 37. Qd3 Rcd8 38. gxf6 gxf6 39. h6 Kc8 40. h7 d4 41. cxd4 Rh8 42. Qf5+ Kb7 43. dxe5 Nxe5 44. Bxa3 Rd7 45. Bb2 Rhxh7 46. Bxe5 fxe5 47. Rxe5 Rhf7 48. Qe6 Qc7 49. Rc1 Rde7 50. Qd5+ Ka7 51. Rxe7 Rxe7 52. Qd6 Qb7 53. c6 Qc7 54. Qc5+ Ka6 55. a4 1-0

[Event "Landesklasse West 2024/25"]
[Site "?"]
[Date "2025.03.02"]
[Round "6.4"]
[White "Hentrich, Jörg"]
[Black "Holland-Cunz, Dietrich"]
[Result "0-1"]
[WhiteElo "1769"]
[BlackElo "1756"]
[PlyCount "68"]
[EventDate "2024.09.15"]
[EventType "team-tourn"]
[EventRounds "9"]
[WhiteTeam "SV Ammern"]
[BlackTeam "SC Rochade Steinbach-Hallenberg"]

{[%evp 0,68,23,21,62,74,72,78,86,66,89,72,66,43,45,31,50,24,23,0,28,28,21,37,49,35,2,-76,102,91,302,262,262,148,148,115,95,20,20,12,223,107,152,171,95,207,206,164,263,265,254,166,120,-223,-219,-204,115,5,151,-44,-12,-1098,0,0,0,0,151,139,147,-1085,-1155]} 1. e4 g6 2. d4 Bg7 3. Nf3 c6 4. c4 d5 5. cxd5 cxd5 6. e5 Nh6 7. Nc3 Nc6 8. h3 O-O 9. Bf4 e6 10. Qd2 Nf5 11. g4 Nfe7 12. h4 f6 13. Bh6 Bxh6 14. Qxh6 fxe5 15. Ng5 Rf4 16. Qxh7+ Kf8 17. dxe5 Qb6 18. Nxe6+ Bxe6 19. Qh6+ Ke8 20. Qxf4 Qxb2 21. Qc1 Qb4 22. Rb1 Qxg4 23. Rxb7 Nxe5 24. Bb5+ Kf7 25. Qe3 Nf3+ 26. Kf1 d4 27. Qh6 Nd2+ 28. Qxd2 dxc3 29. Qxc3 Rc8 30. Bc6 Qd1+ 31. Kg2 Qg4+ 32. Kh2 Qxh4+ 33. Kg1 Qg4+ 34. Kf1 Bc4+ 0-1

[Event "Landesklasse West 2024/25"]
[Site "?"]
[Date "2025.03.02"]
[Round "6.5"]
[White "Hoffmann, Hartmut"]
[Black "Hensel, Thomas"]
[Result "1-0"]
[WhiteElo "1964"]
[BlackElo "1612"]
[PlyCount "71"]
[EventDate "2024.09.15"]
[EventType "team-tourn"]
[EventRounds "9"]
[WhiteTeam "SC Rochade Steinbach-Hallenberg"]
[BlackTeam "SV Ammern"]

{[%evp 0,71,23,23,32,-7,4,7,7,-9,-3,-1,28,-28,-10,-23,-19,-3,4,-5,-1,8,33,16,51,-11,4,-4,-4,9,-3,-22,34,51,57,68,83,110,99,64,160,159,166,170,173,158,202,207,216,218,263,243,266,244,375,400,406,417,413,426,456,439,475,464,467,444,504,491,494,504,509,514,739,736]} 1. d4 Nf6 2. c4 e6 3. Nc3 Bb4 4. a3 Bxc3+ 5. bxc3 c5 6. f3 d5 7. e3 O-O 8. cxd5 exd5 9. Bd3 Re8 10. Ne2 Nbd7 11. O-O Nb6 12. Ng3 c4 13. Bb1 h5 14. Ra2 Bd7 15. Re2 Qc8 16. Qe1 h4 17. Nh1 Bf5 18. e4 dxe4 19. fxe4 Bg6 20. Qxh4 Qg4 21. Qxg4 Nxg4 22. Ng3 Rad8 23. h3 Nf6 24. Bg5 Nh5 25. Nxh5 Bxh5 26. g4 Rd5 27. Be3 Ra5 28. gxh5 Rxa3 29. Bd2 Nd5 30. Rf3 Nf6 31. h6 Ra1 32. Rf1 Nh5 33. Rg2 g6 34. e5 a5 35. Be4 Ra2 36. Bd5 1-0